MARC

LEADER 00000nam0a2200000 4500
001 348825
005 20231102010138.0
035 |a (RuTPU)RU\TPU\retro\651 
090 |a 348825 
100 |a 20180316d1962 m y0rusy50 ca 
101 0 |a rus 
102 |a RU 
105 |a a z 001zb 
200 1 |a Лидия Исааковна Бродская  |f А. В. Абрамова 
210 |a Ленинград  |c Художник РСФСР  |d 1962 
215 |a 46 с.  |c ил. 
320 |a Список работ: с. 35-45 
600 1 |a Бродская  |b Л. И.  |c российский живописец, народный художник СССР  |f 1910-1991  |g Лидия Исааковна  |2 stltpush  |3 (RuTPU)RU\TPU\pers\36021  |9 19158 
606 1 |a Живописцы  |2 stltpush  |3 (RuTPU)RU\TPU\subj\10834  |9 37852 
610 1 |a живопись 
610 1 |a художники 
610 1 |a картины 
610 1 |a пейзажи 
675 |a 75.071  |v 4 
700 1 |a Абрамова  |b А. В.  |g Алина Васильевна 
801 1 |a RU  |b 63413507  |c 20180316 
801 2 |a RU  |b 63413507  |c 20180316  |g RCR 
942 |c BK